000 00685nam a2200289Ia 4500
005 20260324145004.0
008 008 260324s9999 xx 000 0 eng d
020 _a9780203736043
037 _aEBOOK
040 _aCRL
040 _beng
040 _cCRL
041 _2eng
041 _aeng
084 _qCRL
100 _aShigeo Shingo
_91185304
245 4 _aThe Sayings of Shigeo Shingo
245 0 _bKey Strategies for Plant Improvement
260 _bTaylor and Francis
260 _c1985
365 _a
365 _b99.99
856 _uhttp://www.taylorfrancis.com/books/9780203736043
942 _cEBOOK
999 _c1828644
_d1828644